000 00365nam a2200145 a 4500
005 20140412111424.0
008 081008s19uu xx 00 eng d
020 _a87-7862-270-x
050 _aM 400
_bNAM 2003
245 _aNaming Words.
260 _aNew Delhi :
_bSterling press private limited,
_c2003.
300 _aunp.
650 _aNouns
999 _c106158
_d106158